Cliquez sur les provinces du Canada sur une carte - Statistiques

Statistiques générales
  • Ce quiz a été pris 235 fois
  • Le résultat moyen est 9 sur 13
Réponses sur la Carte
Les réponses sont colorées sur une échelle allant du rouge au vert en fonction du pourcentage des utilisateurs qui les ont devinées à leur premier essai. Vous pouvez retrouver ces pourcentages ci-dessous.
 
Statistiques - réponses
Réponse % Correct
Quebec
90%
Ontario
79%
Nunavut
78%
Terre-Neuve-et-Labrador
78%
Colombie-Britannique
70%
Yukon
68%
Alberta
67%
Territoires du Nord-Ouest
62%
Saskatchewan
59%
Nouveau-Brunswick
57%
Manitoba
56%
Nouvelle-Ecosse
49%
Ile-du-Prince-Edouard
43%
Aucun quiz correspondant
Distribution des résultats
% des personnes avec chaque résultat
Percentile par nombre de réponses
Votre historique - résultats
Vous n’avez pas pris ce quiz